All Governors of Missouri - Statistics

General Stats
  • This quiz has been taken 8 times
  • The average score is 11 of 58
Answer Stats
Years Served Party Governor % Correct
1973 - 1977 Republican Kit Bond
80%
1981 - 1985 Republican Kit Bond
80%
1836- 1840 Democrat Lilburn Boggs
60%
2018 - 2025 Republican Mike Parson
60%
2001 - 2005 Democrat Bob Holden
40%
2017 - 2018 Republican Eric Greitens
40%
1949 - 1953 Democrat Forrest Smith
40%
2009 - 2017 Democrat Jay Nixon
40%
2005 - 2009 Republican Matt Blunt
40%
1993 - 2000 Democrat Mel Carnahan
40%
2025 - Present Republican Mike Kehoe
40%
1853 - 1857 Democrat Sterling Price
40%
1820 - 1824 Democratic Republican Alexander McNair
20%
1921 - 1925 Republican Arthur M. Hyde
20%
1848 - 1853 Democrat Austin Augustus King
20%
1871 - 1873 Liberal Republican Benjamin Gratz Brown
20%
1875 - 1877 Democrat Charles Henry Hardin
20%
1861 Democrat Claiborne Fox Jackson
20%
1832 - 1836 Democrat Daniel Dunklin
20%
1889 - 1893 Democrat David R. Francis
20%
1913 - 1917 Democrat Elliott Woolfolk Major
20%
1941 - 1945 Republican Forrest C. Donnell
20%
1933 - 1937 Democrat Guy Brasfield Park
20%
1857 Democrat Hancock Lee Jackson
20%
1957 - 1961 Democrat James T. Blair Jr.
20%
1985 - 1993 Republican John Ashcroft
20%
1961 - 1965 Democrat John M. Dalton
20%
1885 - 1887 Democrat John S. Marmaduke
20%
1877 - 1881 Democrat John S. Phelps
20%
1905 - 1909 Democrat Joseph W. Folk
20%
1897 - 1901 Democrat Lawrence Vest Stephens
20%
1844 Democrat Meredith Miles Marmaduke
20%
1857 - 1861 Democrat Robert Marcellus Stewart
20%
1873 - 1875 Democrat Silas Woodson
20%
1840 - 1844 Democrat Thomas Reynolds
20%
1965 - 1973 Democrat Warren E. Hearnes
20%
1893 - 1897 Democrat William J. Stone
20%
1825 - 1826 Democratic Republican Abraham J. Williams
0%
1887 - 1889 Democrat Albert P. Morehouse
0%
1901 - 1905 Democrat Alexander Monroe Dockery
0%
1824 - 1825 Democratic Republican Frederick Bates
0%
1917 - 1921 Democrat Frederick D. Gardner
0%
1861 - 1864 Union Hamilton Rowan Gamble
0%
1929 - 1933 Republican Henry S. Caulfield
0%
1909 - 1913 Republican Herbert S. Hadley
0%
1844 - 1848 Democrat John Cummins Edwards
0%
1826 - 1832 Democrat John Miller
0%
1977 - 1981 Democrat Joseph P. Teasdale
0%
1869 - 1871 Republican Joseph W. McClurg
0%
1937 - 1941 Democrat Lloyd C. Stark
0%
1945 - 1949 Democrat Phil M. Donnelly
0%
1953 - 1957 Democrat Phil M. Donnelly
0%
2000 - 2001 Democrat Roger B. Wilson
0%
1925 - 1929 Republican Sam Aaron Baker
0%
1865 - 1869 Republican Thomas Clement Fletcher
0%
1881 - 1885 Democrat Thomas Theodore Crittenden
0%
1857 Democrat Trusten Polk
0%
1864 - 1865 Union Willard Preble Hall
0%
No matching quizzes found
Score Distribution
Percent of People with Each Score
Percentile by Number Answered
Your Score History
You have not taken this quiz